000 01439ngm a22003730a 4500
001 PT41414
003 AR-LpoUNG
005 20210201235913.0
007 vd cvaizq
008 191001s[196||||ag |||||||||||||||||ita d
037 _c$11.25
040 _aAR-LpoUNG
_bspa
_cAR-LpoUNG
_eaacr
041 _aita
044 _aag
082 0 _a305.562 744com
100 1 _aMonicelli, Mario
_edir.
245 1 4 _aLos compañeros
260 _aBuenos Aires :
_bBlackman,
_c[1963].
300 _aDVD (125 min.) : son., byn
520 _aLa acción transcurre en Turín, a fines del siglo pasado, hombres y mujeres salen de madrugada hacia sus trabajos. Melodías populares de la época acompañan el paisaje gris. Ocurre un accidente en los talleres: una rueda de acero destroza la mano de un trabajador. Un intelectual socialista -Mastroianni- advierte la situación y trata de predicar la conciencia de clase. Lo cual deriva en una sangrienta revuelta que es brutalmente reprimida. El poder permanece, solo se ha perdido una batalla, la lucha continua.
650 4 _aACCIDENTES DEL TRABAJO
650 4 _aCONCIENCIA DE CLASE
650 4 _aCONDICIONES DE TRABAJO
650 4 _aINTELECTUALES
650 4 _aLUCHA DE CLASES
650 4 _aOBREROS TEXTILES
650 4 _aORGANIZACIONES DE TRABAJADORES
651 4 _aItalia
653 _aCINE ITALIANO
653 _aDVD
653 _aVIDEOS
905 _a41414
942 _cDVD
999 _c53739
_d53739